000
00311nam a2200121Ia 4500
008
210430s9999 xx 000 0 und d
082
_a
832.912 B8281 G
100
_a
Bertolt Brecht
245
_a
Galileo Galili
_c
Bertolt Brecht
260
_a
Photo copy
_b
Ramana iyer
_c
2006
300
_a
155p
942
_c
BK
_2
ddc
999
_c
562645
_d
562645